Viens boire un p'tit coup à la maison - Paroles - Statistiques

Statistiques générales
  • Ce quiz a été pris 39 fois
  • Le résultat moyen est 124 sur 234
Statistiques - réponses
Paroles % Correct
à
100%
a
100%
c'
100%
C'
100%
coup
100%
d'
100%
du
100%
l'
100%
la
100%
mais
100%
Mais
100%
maison
100%
maison...
100%
p'tit
100%
s'
100%
saucisson
100%
un
100%
viens
100%
boire
97%
Y
97%
y
97%
Allez
95%
rouge,
87%
blanc,
84%
le
84%
Et
79%
et
79%
les
76%
Les
76%
accordéon
74%
avec
74%
On
74%
on
74%
son
71%
au
68%
copains
66%
Vive
63%
Gillou
61%
chansons
58%
de
58%
vin,
55%
est
53%
t'
50%
des
47%
bouteilles
39%
n'
39%
J'
37%
pas
34%
Pas
34%
se
34%
pain
32%
qu'
32%
Qu'
32%
en
26%
bu
24%
ça
24%
Pour
24%
que
24%
rien
24%
tout
24%
Tout
24%
avait
21%
bien
21%
fait
21%
femmes
21%
ont
21%
plus
21%
si
21%
Si
21%
aime
18%
bonnes
18%
crêpes
18%
étaient
18%
était
18%
Nous
18%
nous
18%
qui
18%
salées
18%
trop
18%
bourré
16%
Elles
16%
Grand
16%
mangé
16%
mis
16%
sans
16%
une
16%
Marnier
13%
nos
13%
sous
13%
être
11%
fort
11%
tous
11%
chanter
8%
couplet
8%
faire
8%
fois
8%
forcés
8%
marrer
8%
mettre
8%
premier
8%
avais
5%
cette
5%
cuisine
5%
écrire
5%
fin
5%
fini
5%
pouvoir
5%
rentrées
5%
serait
5%
terminé
5%
virer
5%
arrive
3%
clé
3%
complèt'ment
3%
Faut
3%
gueulé
3%
noirs
3%
Pernod
3%
peu
3%
déboires
0%
espoir
0%
histoire
0%
poire
0%
rendit
0%
suite
0%
Aucun quiz correspondant
Distribution des résultats
% des personnes avec chaque résultat
Percentile par nombre de réponses
Votre historique - résultats
Vous n’avez pas pris ce quiz